000
00211 a2200097 4500
001
51029
100
_a
Pretty R
245
_a
Jane's weapon systems
260
_a
New York
_b
Jane's Pub
_c
090
_c
32317
_d
32317
942
_a
NUST-CAE
_c
M
_c
24800
999
_c
286102
_d
286102